[Event "Barcelona Paredes Memorial 19th"]
[Site "Barcelona"]
[Date "2017.04.22"]
[Round "1"]
[White "Blasco Benito, Albert"]
[Black "Lozano Ruiz, David"]
[Result "1-0"]
[WhiteElo "2085"]
[BlackElo "1835"]
[PlyCount "47"]
[EventDate "2017.04.22"]
[EventType "swiss"]
[EventRounds "9"]
[EventCountry "ESP"]
[SourceTitle "EXT 2018"]
[Source "ChessBase"]
[SourceDate "2017.10.13"]
[SourceVersion "1"]
[SourceVersionDate "2017.10.13"]
[SourceQuality "1"]

1. e4 e6 2. d4 d5 3. Bd3 dxe4 4. Bxe4 Nf6 5. Bg5 h6 6. Bxf6 Qxf6 7. Nf3 c5 8. 0-0 Nc6 9. Nc3 a6 10. d5 Nd4 11. Nxd4 cxd4 12. dxe6 dxc3 13. Bxb7 Bxe6 14. Bc6+ Ke7 15. Bxa8 Qf4 16. bxc3 Kf6 17. Qd4+ Qxd4 18. cxd4 Bc4 19. Rfd1 Bb4 20. Bf3 Re8 21. a3 Bc3 22. Rab1 Ba2 23. Rb6+ Kg5 24. g3 1-0

[Event "Martorell op 34th"]
[Site "Martorell"]
[Date "2016.11.19"]
[Round "9"]
[White "Lozano Ruiz, David"]
[Black "Lluverol Torrents, Salvador"]
[Result "1/2-1/2"]
[WhiteElo "1912"]
[BlackElo "1969"]
[PlyCount "37"]
[EventDate "2016.09.17"]
[EventType "swiss"]
[EventRounds "9"]
[EventCountry "ESP"]
[SourceTitle "EXT 2018"]
[Source "ChessBase"]
[SourceDate "2017.10.13"]
[SourceVersion "1"]
[SourceVersionDate "2017.10.13"]
[SourceQuality "1"]

1. c4 c6 2. g3 d5 3. Nf3 Nf6 4. Bg2 Bf5 5. 0-0 e6 6. Qb3 Qb6 7. Qxb6 axb6 8. cxd5 exd5 9. d3 Nbd7 10. Bf4 Bc5 11. Nc3 0-0 12. Nh4 Be6 13. h3 h6 14. Bd2 d4 15. Ne4 Nxe4 16. Bxe4 f5 17. Bg2 Bxa2 18. b4 Bd6 19. b5 1/2-1/2

[Event "Martorell op 34th"]
[Site "Martorell"]
[Date "2016.11.05"]
[Round "7"]
[White "Velez Romero, Juan Luis"]
[Black "Lozano Ruiz, David"]
[Result "1/2-1/2"]
[WhiteElo "1973"]
[BlackElo "1912"]
[PlyCount "62"]
[EventDate "2016.09.17"]
[EventType "swiss"]
[EventRounds "9"]
[EventCountry "ESP"]
[SourceTitle "EXT 2018"]
[Source "ChessBase"]
[SourceDate "2017.10.13"]
[SourceVersion "1"]
[SourceVersionDate "2017.10.13"]
[SourceQuality "1"]

1. d4 e6 2. Nf3 f5 3. c4 Nf6 4. Nc3 Bb4 5. Qb3 c5 6. a3 Bxc3+ 7. Qxc3 cxd4 8. Nxd4 Ne4 9. Qc2 0-0 10. e3 b6 11. Bd3 Bb7 12. 0-0 Nc6 13. Nxc6 Bxc6 14. b4 Rc8 15. f3 Ng5 16. Bb2 d6 17. Rad1 Qe7 18. h4 Nf7 19. Qf2 Ne5 20. Qg3 Nxd3 21. Rxd3 e5 22. Rfd1 Rf6 23. c5 bxc5 24. bxc5 dxc5 25. Qxe5 Qxe5 26. Bxe5 Rg6 27. Kf2 Re6 28. Rd8+ Rxd8 29. Rxd8+ Kf7 30. Bd6 c4 31. Bb4 Re8 1/2-1/2

[Event "Crucero op 5th"]
[Site "Crucero"]
[Date "2016.10.23"]
[Round "2.4"]
[White "Lozano Ruiz, David"]
[Black "Lain Moreno, Juan Carlos"]
[Result "0-1"]
[WhiteElo "1912"]
[BlackElo "1983"]
[PlyCount "36"]
[EventDate "2016.10.22"]
[EventType "swiss"]
[EventRounds "8"]
[EventCountry "ESP"]
[SourceTitle "EXT 2024"]
[Source "ChessBase"]
[SourceDate "2023.10.10"]
[SourceVersion "1"]
[SourceVersionDate "2023.10.10"]
[SourceQuality "1"]

1. c4 f5 2. g3 Nf6 3. Bg2 g6 4. Nc3 Bg7 5. Nf3 Nc6 6. d3 d5 7. e3 dxc4 8. dxc4 Qxd1+ 9. Kxd1 Be6 10. Nd2 0-0-0 11. Ke2 Na5 12. c5 Nc4 13. Rd1 Nxd2 14. Bxd2 Bc4+ 15. Ke1 Ng4 16. h3 Ne5 17. b3 Ba6 18. Rdb1 Nd3+ 0-1